000 01353nmc a2200433 a 4500
003 AR-BaBNM
005 20251128205352.0
008 301020s1995 ||||||||||||||000 | spa||
020 _a84-7774-046-1
040 _cAR-BaBNM
100 1 _aSmith, Carl B.
245 1 0 _aLa enseñanza de la lectoescritura
_bun enfoque interactivo
250 _a2ª ed.
260 _aMadrid
_bVisor
_c1995
300 _a162 p.
_bdiagr.
490 0 _aAprendizaje
_vv. 46
500 _aApéndices: Raíces y prefijos griegos y latinos: p. 153-154
500 _aFonogramas frecuentes: vocales y consonantes: p. 155-156
500 _aReglas fonéticas: p. 157
500 _aVocabulario de términos fonéticos: p. 158
504 _aContiene bibliografía al final de cada capítulo
650 4 _aVOCABULARIO
650 4 _aESCRITURA
650 4 _aDESARROLLO DEL LENGUAJE
650 4 _aEXPRESION ORAL
650 4 _aRELACION ALUMNO-DOCENTE
650 4 _aDESARROLLO DEL VOCABULARIO
650 4 _aENSENANZA DE LA ESCRITURA
650 4 _aENSENANZA DE LA EXPRESION ORAL
650 4 _aLENGUAJE
653 _aENSENANZA DE LA LENGUA
653 _aCOMPRENSION LECTORA
700 1 _aDahl, Karin L.
700 1 _aAlonso Tapia, Jesús
800 1 _aAlvarez, Amelia
_edirector
800 1 _aDel Río, Pablo
_edirector
942 _cBK
998 _csilvi
999 _c11124
_d11124